| 000 | 00512cam a22001812 4500 | ||
|---|---|---|---|
| 001 | 0000000950 | ||
| 005 | 20170406113017.0 | ||
| 008 | 131121s xx 000 0 eng d | ||
| 020 |
_a0385196172 : _c$ |
||
| 040 |
_aYour Holding Symbol _cYour Holding Symbol |
||
| 100 | 1 | _aMello de Anthony. | |
| 245 | 1 | 0 |
_aWellsprings : _ba book of spritual execises. |
| 250 | _a ed. | ||
| 260 |
_anew york : _bImage books, _c1986. |
||
| 300 |
_a239 p. ; _c cm. |
||
| 650 | 0 | _atheology. | |
| 908 | _a131121 | ||
| 999 |
_c869 _d869 |
||